000
00229nam a2200097Ia 4500
001
643407
005
20250826153545.0
008
250824s9999 xx 000 0 und d
245
0
_a
BENİM SÜPER DERSLERİM
260
_b
GENÇ TİMAŞ
999
_c
643407
_d
643407